Findings impress need for telecom regulation (Record no. 74804)
[ view plain ]
| 000 -LEADER | |
|---|---|
| fixed length control field | 01300cab a2200229 4500 |
| 001 - CONTROL NUMBER | |
| control field | ABS68759 |
| 008 - FIXED-LENGTH DATA ELEMENTS--GENERAL INFORMATION | |
| fixed length control field | 050215n2005 000 0 eng u |
| 035 ## - SYSTEM CONTROL NUMBER | |
| System control number | (Sirsi) u128811 |
| 100 ## - MAIN ENTRY--PERSONAL NAME | |
| Personal name | Gillman, S. |
| 245 ## - TITLE STATEMENT | |
| Title | Findings impress need for telecom regulation |
| 260 ## - PUBLICATION, DISTRIBUTION, ETC. | |
| Date of publication, distribution, etc. | 2005 |
| 490 ## - SERIES STATEMENT | |
| Series statement | Planning (for the Natural and Built Environment) |
| Volume/sequential designation | (1603) 21 January 2005, 9(1) |
| 520 ## - SUMMARY, ETC. | |
| Summary, etc. | Reports on the current state of planning policy relating to mobile phone masts. Government is being pressed to tighten up the regulation of mast siting including the withdrawal of permitted development rights for masts under 15m high. The code of best practice on the siting of base stations produced jointly by government and mobile phone operators is neither sufficiently clear nor consistently used and is to be reviewed by the ODPM in spring 2005. The ODPM contends that bringing telecommunications developments under full planning control is unrealistic because many local authorities are too slow in determining applications. |
| 590 ## - LOCAL NOTE (RLIN) | |
| Local note | ABS |
| 650 ## - SUBJECT ADDED ENTRY--TOPICAL TERM | |
| Topical term or geographic name entry element | MOBILE PHONE MASTS |
| 650 ## - SUBJECT ADDED ENTRY--TOPICAL TERM | |
| Topical term or geographic name entry element | TELECOMMUNICATIONS |
| 650 ## - SUBJECT ADDED ENTRY--TOPICAL TERM | |
| Topical term or geographic name entry element | PLANNING POLICY |
| 650 ## - SUBJECT ADDED ENTRY--TOPICAL TERM | |
| Topical term or geographic name entry element | PLANNING PERMISSION |
| 650 ## - SUBJECT ADDED ENTRY--TOPICAL TERM | |
| Topical term or geographic name entry element | LOCAL AUTHORITIES |
| 690 ## - LOCAL SUBJECT ADDED ENTRY--TOPICAL TERM (OCLC, RLIN) | |
| Topical term or geographic name as entry element | ENVIRONMENTAL AND LAND CONSULTANCY-PLANNING AND DEVELOPMENT |
| 942 ## - ADDED ENTRY ELEMENTS (KOHA) | |
| Suppress in OPAC | 0 |
| Withdrawn status | Lost status | Source of classification or shelving scheme | Damaged status | Not for loan | Home library | Current library | Shelving location | Date acquired | Total Checkouts | Full call number | Barcode | Date last seen | Copy number | Price effective from | Koha item type |
|---|---|---|---|---|---|---|---|---|---|---|---|---|---|---|---|
| Dewey Decimal Classification | London | London | Journal article | 15/02/2005 | ABS68759 | 128811-1001 | 06/08/2019 | 1 | 06/08/2019 | Journal article |